Pākistān men̲ faujī bag̲h̲āvaten̲ : (Record no. 331578)
[ view plain ]
| 000 -LEADER | |
|---|---|
| fixed length control field | 01540cam a2200361 a 4500 |
| 001 - CONTROL NUMBER | |
| control field | 13994685 |
| 003 - CONTROL NUMBER IDENTIFIER | |
| control field | NUST |
| 005 - DATE AND TIME OF LATEST TRANSACTION | |
| control field | 20220816145327.0 |
| 008 - FIXED-LENGTH DATA ELEMENTS--GENERAL INFORMATION | |
| fixed length control field | 030530s2002 pk a 000 0 urdo |
| 010 ## - LIBRARY OF CONGRESS CONTROL NUMBER | |
| LC control number | 2003343092 |
| 025 ## - OVERSEAS ACQUISITION NUMBER | |
| Overseas acquisition number | P-U-2003343092; 07; 08 |
| 035 ## - SYSTEM CONTROL NUMBER | |
| System control number | (DLC) 2003343092 |
| 040 ## - CATALOGING SOURCE | |
| Original cataloging agency | DLC |
| Transcribing agency | DLC |
| 041 0# - LANGUAGE CODE | |
| Language code of text/sound track or separate title | urd |
| -- | eng |
| 042 ## - AUTHENTICATION CODE | |
| Authentication code | lcode |
| 043 ## - GEOGRAPHIC AREA CODE | |
| Geographic area code | a-pk--- |
| 050 00 - LIBRARY OF CONGRESS CALL NUMBER | |
| Classification number | DS384 |
| Item number | .A7877 2002 |
| 082 ## - DEWEY DECIMAL CLASSIFICATION NUMBER | |
| Classification number | 355.1009549 |
| Author Mark | MAQ |
| 100 1# - MAIN ENTRY--PERSONAL NAME | |
| Personal name | Arshad, Maqbūl. |
| 9 (RLIN) | 5243 |
| 245 10 - TITLE STATEMENT | |
| Title | Pākistān men̲ faujī bag̲h̲āvaten̲ : |
| Remainder of title | jarnailon̲ aūr faujī afsaron̲ ... / |
| Statement of responsibility, etc. | Maqbūl Arshad. |
| 260 ## - PUBLICATION, DISTRIBUTION, ETC. | |
| Place of publication, distribution, etc. | Lāhaur : |
| Name of publisher, distributor, etc. | Faikṭ Pablisharz, |
| Date of publication, distribution, etc. | 2002. |
| 300 ## - PHYSICAL DESCRIPTION | |
| Extent | 232, 21 p. : |
| Other physical details | ill. ; |
| Dimensions | 22 cm. |
| 520 ## - SUMMARY, ETC. | |
| Summary, etc. | Historical study of conspiracies of rebellion by Pakistan Army officers against democratic governments in Pakistan; includes interviews of officers. |
| 546 ## - LANGUAGE NOTE | |
| Language note | In Urdu; some in English. |
| 610 10 - SUBJECT ADDED ENTRY--CORPORATE NAME | |
| Corporate name or jurisdiction name as entry element | Pakistan. |
| Subordinate unit | Army |
| General subdivision | Political activity. |
| 9 (RLIN) | 2383 |
| 651 #0 - SUBJECT ADDED ENTRY--GEOGRAPHIC NAME | |
| Geographic name | Pakistan |
| General subdivision | Politics and government. |
| 9 (RLIN) | 206 |
| 880 ## - ALTERNATE GRAPHIC REPRESENTATION | |
| Linkage | 100-01\(3\r |
| Title | مقبول ارشد |
| 880 ## - ALTERNATE GRAPHIC REPRESENTATION | |
| Linkage | 245-02\(3\r |
| Title | پاکستان میں ناکام فوجی بغاوتیں: |
| b | جرنیلوں اور فوجی افسروں کی طرف سے جمہوری حکومتوں کا تختہ الٹنے کی سازشوں کی داستان |
| c | مقبول ارشد |
| 880 ## - ALTERNATE GRAPHIC REPRESENTATION | |
| Linkage | 260-03\(3\r |
| Title | لاہور: |
| b | فیکٹ پبلی کیشنز، |
| c | 2002 |
| 906 ## - LOCAL DATA ELEMENT F, LDF (RLIN) | |
| a | 7 |
| b | cbc |
| c | origode |
| d | 3 |
| e | ncip |
| f | 20 |
| g | y-gencatlg |
| 942 ## - ADDED ENTRY ELEMENTS (KOHA) | |
| Source of classification or shelving scheme | |
| Koha item type | Book |
| Withdrawn status | Lost status | Source of classification or shelving scheme | Damaged status | Not for loan | Permanent Location | Current Location | Shelving location | Date acquired | Total Checkouts | Full call number | Barcode | Date last seen | Date last checked out | Copy number | Price effective from | Koha item type |
|---|---|---|---|---|---|---|---|---|---|---|---|---|---|---|---|---|
| Central Library (CL) | Central Library (CL) | Book Cart | 10/04/2017 | 1 | 355.1009549 MAQ | CL2599 | 09/16/2022 | 10/26/2019 | 1 | 10/04/2017 | Book |
